00813cam a2200241 a 4500001000700000003000800007005001700015008004100032010001300073020002300086035001100109040002900120043001200149050002200161082002300183245011900206260007900325300004000404504005100444650003700495700001800532700002100550536966BD-DhUL20160529151127.0901009s1991 hiuab b s001 0 eng  a90020706 a0866381317c$49.50 a536966 aLCbengcLCdLCdBD-DhUL aa-ko--- 4aHC467b.E266 199104a338.95195220bECO10aEconomic development in the Republic of Korea :ba policy perspective /cedited by Lee-Jay Cho and Yoon Hyung Kim. aHonolulu, Hawaii :bDistributed by the University of Hawaii Press,cc1991. axxix, 649 p. :bill., map ;c25 cm. aIncludes bibliographical references and index. 0aIndustrial policyzKorea (South)1 aCho, Lee-Jay.1 aKim, Yoon-Hyung.